MARC details
| 000 -LEADER |
| campo de control de longitud fija |
01632nam a2200337 i 4500 |
| 001 - NÚMERO DE CONTROL |
| campo de control |
193572 |
| 003 - IDENTIFICADOR DE NÚMERO DE CONTROL |
| campo de control |
SpMaBN |
| 005 - FECHA Y HORA DE LA ÚLTIMA TRANSACCIÓN |
| campo de control |
20250710064924.0 |
| 007 - CAMPO FIJO DE DESCRIPCIÓN FÍSICA--INFORMACIÓN GENERAL |
| campo de control de longitud fija |
ta |
| 008 - DATOS DE LONGITUD FIJA--INFORMACIÓN GENERAL |
| campo de control de longitud fija |
240116s19231924fr a 0001 fre d |
| 016 7# - NÚMERO DE CONTROL DE UNA AGENCIA BIBLIOGRÁFICA NACIONAL |
| Número de control del registro |
bimoBNE19931066036 |
| Número de control cancelado/no válido |
BIB92000001203 |
| Fuente |
SpMaBN |
| 035 ## - NÚMERO DE CONTROL DEL SISTEMA |
| Número de control de sistema |
(OCoLC)433861163 |
| 035 ## - NÚMERO DE CONTROL DEL SISTEMA |
| Número de control de sistema |
bimo0000377411 |
| 040 ## - FUENTE DE CATALOGACIÓN |
| Centro catalogador/agencia de origen |
SpMaBN |
| Lengua de catalogación |
spa |
| Centro/agencia transcriptor |
SpMaBN |
| Normas de descripción |
rdc |
| Centro/agencia modificador |
ES-MaACL |
| 080 ## - NÚMERO DE LA CLASIFICACIÓN DECIMAL UNIVERSAL |
| Número de la Clasificación Decimal Universal |
840(091) |
| 245 00 - MENCIÓN DEL TÍTULO |
| Título |
Histoire de la littérature française / |
| Mención de responsabilidad, etc. |
illustrée et publiée sous la direction de M. Joseph Bérdier et Paul Hazard, avec le concours de M. George Ascoli... [et al.]. |
| 260 ## - PUBLICACIÓN, DISTRIBUCIÓN, ETC. |
| Lugar de publicación, distribución, etc. |
París : |
| Nombre del editor, distribuidor, etc. |
Librairie Larousse, |
| Fecha de publicación, distribución, etc. |
[aproximadamente 1923-24] |
| 300 ## - DESCRIPCIÓN FÍSICA |
| Extensión |
2 v. : |
| Otras características físicas |
láminas, grabados ; |
| Dimensiones |
Fol. (32 cm) |
| 336 ## - TIPO DE CONTENIDO |
| Fuente |
rdacontent |
| Término de tipo de contenido |
Texto |
| 337 ## - TIPO DE MEDIO |
| Fuente |
rdamedia |
| Nombre/término del tipo de medio |
sin mediación |
| 338 ## - TIPO DE SOPORTE |
| Fuente |
rdacarrier |
| Nombre/término del tipo de soporte |
volumen |
| 650 #4 - PUNTO DE ACCESO ADICIONAL DE MATERIA--TÉRMINO DE MATERIA |
| Término de materia o nombre geográfico como elemento de entrada |
Literatura francesa- |
| Subdivisión general |
Historia y crítica |
| 9 (RLIN) |
14586 |
| 700 1# - ENTRADA AGREGADA--NOMBRE PERSONAL |
| Nombre de persona |
Hazard, Paul, |
| 9 (RLIN) |
62229 |
| Fechas asociadas al nombre |
1878-1944 |
| Término indicativo de función/relación |
Director de publicación |
| 700 1# - ENTRADA AGREGADA--NOMBRE PERSONAL |
| Nombre de persona |
Bédier, Joseph, |
| Fechas asociadas al nombre |
1864-1938 |
| 9 (RLIN) |
26997 |
| Término indicativo de función/relación |
Director de publicación |
| 700 1# - ENTRADA AGREGADA--NOMBRE PERSONAL |
| Nombre de persona |
Ascoli, George |
| 9 (RLIN) |
234879 |
| Término indicativo de función/relación |
Colaborador |
| 852 ## - LOCALIZACIÓN |
| Ubicación |
ES-MaACL |
| itemnumber |
33069 |
| Sublocalización o colección |
R.4755 |
| -- |
R.M.6 |
| Número de control de estantería |
D-6 |
| Ubicación en estantería |
Sala Valle Inclán |
| Designación de la unidad física |
v.1 |
| Nota libre |
Control: 16-01-2024 |
| -- |
Precio: 67,65 centimos |
| Anotaciones manuscritas |
Sello cuadrado en tinta en portada: "Ateneo de Madrid. Biblioteca" |
| Encuadernación |
Encuadernación editorial, piel sobre pasta. |
| 852 ## - LOCALIZACIÓN |
| Ubicación |
ES-MaACL |
| itemnumber |
201035 |
| Sublocalización o colección |
R.4755 |
| -- |
R.M.7 |
| Ubicación en estantería |
Sala Valle Inclán |
| Nota libre |
Control: 16-01-2024 |
| -- |
Precio: 67,65 centimos |
| Anotaciones manuscritas |
Sello cuadrado en tinta en portada: "Ateneo de Madrid. Biblioteca" |
| Designación de la unidad física |
v.2 |
| Encuadernación |
Encuadernación editorial, piel sobre pasta. |
| 942 ## - ELEMENTOS DE ENTRADA SECUNDARIOS (KOHA) |
| Suprimir en OPAC |
No |
| Tipo de ítem Koha |
Libro impreso |